000 00499nam a2200181Ia 4500
008 090123s9999 xx 000 0 und d
082 _b36845
_a891.463/सावंत
100 _aसावंत हेमंत
245 _aसती
250 _a1
260 _bमनोरमा प्रकाशन
_c2004
300 _a216
600 _aसावंत हेमंत
630 _aसती
700 _aसावंत हेमंत
730 _aसती
942 _cBOOK
999 _c74921
_d74921